Прудон (Запис номер 402088)
[ съкратено ]
| 000 -Лидер | |
|---|---|
| Контролно поле с фиксирана дължина | nam a22 a 4500 |
| 003 - Код на организацията, давaща контролен номер | |
| Контролно поле | BLK |
| 005 - Дата и час на последна редакция | |
| Контролно поле | 20210323144327.0 |
| 008 - Елементи от данни с фиксирана дължина | |
| fixed length control field | 210323b bu |||||r|||| 00| 0 bu d |
| 040 ## - Източник на каталожния запис | |
| Идентификатор на билиотеката - собственик на записа | BLK |
| 041 ## - Код за език | |
| Код за езика на текст/звукозапис или на отделно заглавие | Български |
| Код за езика КДБФ | Български |
| 080 ## - УДК | |
| Текстов определител УДК | Социалистически школи преди Маркс. Утопически социализъм. Вж и 141.8 |
| УДК код - определител по УДК | 330.84 |
| УДК - код + определител | 330.84 |
| 080 ## - УДК | |
| Текстов определител УДК | Френски социалист, теоретик на анархизма, утопист |
| УДК код - определител по УДК | 929 Прудон, Пиер Жозеф |
| УДК - код + определител | 929 Прудон, Пиер Жозеф |
| 100 ## - Редна дума - Автор | |
| R(LIN) | 1299 |
| Автор | Кювилие, Арман |
| Авторска отговорност | първи автор |
| 139 ## - Редно поле | |
| Редна дума | Кювилие, Арман |
| 245 ## - Сведения за заглавието | |
| Заглавие | Прудон |
| Редно поле (дума) | Арман Кювилие; прев.от фр. Ангелина Паунова - Терзиева |
| 260 ## - Област на издателските данни | |
| 9 (RLIN) | 444082 |
| Място на издаване, разпространение и проч. | София |
| Име на издателя, разпространителя и проч. | Издателство на работническата социалдемократическа партия |
| Година на издаване | 1947 |
| 300 ## - Физическа характеристика | |
| Страници | 246с. |
| Размери/Мащаб | 18 см |
| 380 ## - Жанр | |
| Жанр | Обществени науки |
| 490 ## - СЕРИИ (Колекции) | |
| 9 (RLIN) | 444083 |
| Име на серия | Велики реформатори |
| 600 14 - Име на лице, използвано като предмет | |
| 9 (RLIN) | 223770 |
| За него / За нея | Прудон, Пиер Жозеф |
| 653 #7 - Ключова дума – ненормативна | |
| 9 (RLIN) | 191117 |
| Ключова дума | мироглед |
| 700 ## - Други автори (авторска отговорност) | |
| 9 (RLIN) | 419619 |
| Лично име | Паунова-Терзиева, Ангелина |
| Автороска отговорност (Описва отношението между автора и произведението) | прев. от фр. |
| 700 ## - Други автори (авторска отговорност) | |
| 9 (RLIN) | 871 |
| Лично име | Чолаков, Стефан Димитров |
| Автороска отговорност (Описва отношението между автора и произведението) | под ред. на |
| 852 ## - Местоположение | |
| Форматна сигнатура | Цб 3.185.24221 |
| Фондова буква | Хранилище |
| 999 ## - СИСТЕМНИ КОНТРОЛНИ НОМЕРА | |
| Koha biblionumber | 402088 |
| Koha biblioitemnumber | 402088 |
| 942 ## - АРТИКУЛИ | |
| Вид на библиотечния материал | Книги |
| Скрит в OPAC | Не |
| Периодичен библиозапис | Да |
| 944 ## - СЪЗДАВАНЕ И РЕДАКЦИЯ на ЗАПИСА | |
| Създаване/Редакция | Редакция |
| Дата на регистрацията/редакция | 2021-03-23 |
| Служител, извършил регистрацията/редакцията | Микаела Микова - Илиева |
| Статус, дата на статуса | 2021-03-23 |
| Код за отписване | Код за изгубен артикул | Източник на класификационната схема | Код за повреда | Коз за рестрикции | Код за отдаване | Артикулен № | Име на библиотеката - собственик | Име на библиотеката, в която се намира в момента | Статус (Текущо местоположение) | Дата на вписване в системата | Местоположение - отдел | Цена в лева | Инвентарен номер | Систематично азбучна сигнатура | Баркод | Цена в евро | Служебен тип на артикула |
|---|---|---|---|---|---|---|---|---|---|---|---|---|---|---|---|---|---|
| Не е изгубен | Universal Decimal Classification | Не е повреден | само за читалня | ползва се в читалня | 818404 | Регионална библиотека "Любен Каравелов" Русе | Регионална библиотека "Любен Каравелов" Русе | Хранилище | 2021-03-30 | Основен фонд - ползва се само за читалня | 0.24 | 24221 | Цб 3.185.24221 | 900000048834 | 0.12 | Книги |